| 000 | 01010nam a2200277Ia 4500 | ||
|---|---|---|---|
| 003 | OSt | ||
| 005 | 20220926010638.0 | ||
| 006 | a|||||r|||| 00| 0 | ||
| 007 | ta | ||
| 008 | 220923b |||||||| |||| 00| 0 eng d | ||
| 020 |
_a030010233X _c1424.1800000000001 |
||
| 037 |
_bRKBA\09-10\4647, 13/06/2012, RAJKIRAN BOOK AGENCY _cGeneral Book |
||
| 040 |
_aRTL _cRTL _beng |
||
| 041 |
_2eng _aeng |
||
| 082 | _aX9 (57):54: (G:55), P4 | ||
| 100 |
_aTaylor J.Gary _9312686 |
||
| 245 | 0 |
_aSmart alliance _b How global corporation and environmental activisits transformed a tarnished brand |
|
| 260 |
_aNew Haven _bYale University Press _c2004 |
||
| 300 |
_axxi, 278p _ccm. |
||
| 490 | _aYale Agrarian Studies Series | ||
| 500 | _aBiblio p267-269 | ||
| 650 | _aSociology | ||
| 700 |
_a Scharlin J.Patricia _9312687 |
||
| 942 |
_hX9 (57):54: (G:55), P4 _cGB _2CC |
||
| 999 |
_c617883 _d617883 |
||